Quotes from the Rishis/ (Record no. 216089)
[ view plain ]
| 000 -LEADER | |
|---|---|
| fixed length control field | 00630nam a22001937a 4500 |
| 005 - DATE AND TIME OF LATEST TRANSACTION | |
| control field | 20260507124643.0 |
| 010 ## - LCCN (DPL NO) | |
| LC control number | ENG-148380 |
| 020 ## - INTERNATIONAL STANDARD BOOK NUMBER | |
| Terms of availability | 100.00 |
| International Standard Book Number | 9789381033272 |
| 035 ## - SYSTEM CONTROL NUMBER | |
| System control number | EN-131912 |
| 037 ## - SOURCE OF ACQUISITION | |
| Source of stock number/acquisition | DBAD |
| 082 ## - DEWEY DECIMAL CLASSIFICATION NUMBER | |
| Classification number | 181.499 |
| 100 ## - MAIN ENTRY--PERSONAL NAME | |
| Personal name | Krishnananda |
| 245 ## - TITLE STATEMENT | |
| Title | Quotes from the Rishis/ |
| Statement of responsibility, etc | Krishnananda |
| 250 ## - EDITION STATEMENT | |
| Edition statement | 1 |
| 260 ## - PUBLICATION, DISTRIBUTION, ETC. (IMPRINT) | |
| Place of publication, distribution, etc | Bangalore Urban |
| Name of publisher, distributor, etc | Manasa Light Age Foundation (R) |
| Date of publication, distribution, etc | 2012 |
| 270 ## - ADDRESS | |
| City | Bangalore Urban |
| Address | Taponagara, Chikkagubbi, (Off Hennur- Bagalur Road) |
| Postal code | 560.077 |
| Telephone number | 8028465280 , 9900075280 |
| Electronic mail address | info@lightagemasters.com |
| 300 ## - PHYSICAL DESCRIPTION | |
| Extent | 97p. |
| Dimensions | 22cm(Pb) |
| 942 ## - ADDED ENTRY ELEMENTS (KOHA) | |
| Source of classification or shelving scheme | Dewey Decimal Classification |
| Item type | English Books |
| Classification part | 181.499 |
| Call number suffix | KRI |
| Withdrawn status | Lost status | Not for loan | Collection code | Home library | Current library | Date acquired | Source of acquisition | Cost, normal purchase price | Full call number | Barcode | Copy number | Cost, replacement price | Koha item type |
|---|---|---|---|---|---|---|---|---|---|---|---|---|---|
| Not For Loan | Non-fiction | D.B.Act.Division | D.B.Act.Division | 07/05/2026 | Delivery of Books Act Division | 100.00 | 181.499 KRI | EN-131912 | 1 | 100.00 | English Books |
